=LDR 00000nam 2200000 4500 =001 INLIS000000000010605 =005 20250321103502 =035 ##$$a 0010-061300000010605 =008 250321################d##########0#ind## =041 ##$$a Ind =082 ##$$a 028.5 =090 ##$$a 028.5, Hid t =100 ##$$a HIDAYAT, Kidh =245 1#$$a 30 Dongeng sebelum tidur untuk anak Muslim 03 =260 ##$$a Surabaya :$b Mitra UMMAT,$c 2003 =300 ##$$a 96 hlm, ilus, 21 cm : $b Ilus ; $c 20 x 14 cm =650 #4$$a Bacaan Anak-anak =850 ##$$a NBPNMAT =084 ##$$a 028.5 HID t =990 ##$$a 0001/BPAP-NTB/2015 =990 ##$$a 1038071